Random Animal Facts - Statistics

General Stats
  • This quiz has been taken 70 times
  • The average score is 6 of 15
Answer Stats
Question Answer % Correct
What can elephants not do? Jump
88%
Which of these is the animal most closely related to zebras? Donkey
65%
Which flying bird has the largest wingspan? Wandering Albatross
65%
How many breeds of pigeon are there? Over 200
60%
What can horses not do? Breathe through their mouth
48%
How many arms does a squid have? 8
42%
Which of these was the original penguin? Great Auk
35%
How many tentacles does a squid have? 2
33%
Which of these is not true of cows? They can't jump.
21%
Which grouping of frogs give piggyback rides to their tadpoles? Poison Dart Frogs
19%
Which of these can swim? Sea Lilies
19%
Which of these are humans most closely related to? Tuna
19%
What type of animal was a dimetrodon? Synapsid(proto-mammal)
17%
Which of these structures/organs do echidnas not have? Stomachs
15%
What do platypuses lack? Stomach
8%
No matching quizzes found
Score Distribution
Percent of People with Each Score
Percentile by Number Answered
Your Score History
You have not taken this quiz